LEADER 01552nam a2200325 u 4500 001 000000025711 003 CaOOAMICUS 005 20070226111508.0 008 951023s1962 sp u000 u spa u 035 $a10659916 040 $aPUL$bita$dPUL(R) 100 1 $aJiménez y Urresti, Teodoro Ignacio,$csac.$0(OLS)http://pul/name/15120 245 13$aEl binomio "primado - episcopado" :$btema central del próximo Concilio Vaticano II /$cTeodoro Ign. Jimenez Urresti. 260 $aBilbao :$bDesclée De Brouwer,$c1962. 300 $a164 p.; ;$c21 cm 490 1 $aVeritas et iustitia ;$v12 504 $aBibliografia in nota. 650 4$aVescovi.$0(OLS)http://pul/subject/210 650 4$aPapi$xPrimato.$0(OLS)http://pul/subject/201 830 0$aVeritas et iustitia ;$v12.$0(OLS)http://pul/title/35408 850 $aPUL 852 $aPUL$W1$xDP1 Fondo Maccarrone$y58$m1501 A 3$j35921$nBK-PRI$b $qFondi$B35921$CPULBib$Z2$F35921 $H $81 852 $aPUL$W1$xDP2 Religione 1$y63$m63 C 20$j35922$nBK-PRI$qStampati$B35922$CPULBib$Z2$F35922 $82 852 $aPUL$W1$xDP1 Fondo Bordoni$y120$m3 C 25$j115077$qFondi$B173045$CPULBib$Z2$F173045 $HBor940 $81 941 1 $a8 941 1 $a1 961 $aINV: 00284 -- Fondo Mons. M. Maccarrone 961 $aINV: 23265 996 $6245$aEl binomio "primado - episcopado" :$btema central del próximo Concilio Vaticano II$9(OLS)http://pul/title/35407 996 $6260$aBilbao :$bDesclée De Brouwer$9(OLS)http://pul/publisher/74347 LEADER 01011nam a2200265 a 4500 001 000000169894 003 CaOOAMICUS 005 20181010144544.0 008 181010s1996 xxu 000 u eng r 020 $a0-19-505736-8* 032 $aLibriCat 040 $aPul$bita 100 1 $aEngelhardt, Hugo Tristram,$d1941-$0(OLS)http://pul/name/33980 245 14$aThe foundations of bioethics /$cH. Tristram Engelhardt jr . 250 $aSecond edition. 260 $aNew York ;$aOxford :$bOxford University Press,$c©1996. 300 $aXVIII, 446 p. ; $c24 cm. 650 4$aBioetica.$0(OLS)http://pul/subject/2868 850 $aPUL 852 $aPUL$W1$xDP1 Fondo Seidl$y56$m4 B 81$j163301$qFondi$B198006$CPULBib$Z2$F198006 $81 941 1 $a1 996 $6020$a0-19-505736-8*$9(OLS)http://pul/number/164885 996 $6245$aThe foundations of bioethics$9(OLS)http://pul/title/210557 996 $6260$aNew York ;$aOxford :$bOxford University Press$9(OLS)http://pul/publisher/74336